Pañcarātram. (Record no. 84550)
[ view plain ]
| 000 -LEADER | |
|---|---|
| fixed length control field | 00600cam a22002411 4500 |
| 001 - CONTROL NUMBER | |
| control field | sa 68012490 |
| 003 - CONTROL NUMBER IDENTIFIER | |
| control field | DLC |
| 005 - DATE AND TIME OF LATEST TRANSACTION | |
| control field | 20260227112611.0 |
| 008 - FIXED-LENGTH DATA ELEMENTS--GENERAL INFORMATION | |
| fixed length control field | 900221s1968 ii 000 0 sano |
| 010 ## - LIBRARY OF CONGRESS CONTROL NUMBER | |
| LC control number | sa 68012490 |
| 035 ## - SYSTEM CONTROL NUMBER | |
| System control number | (OCoLC)21104551 |
| 040 ## - CATALOGING SOURCE | |
| Original cataloging agency | DLC |
| Transcribing agency | WaU |
| Modifying agency | DLC |
| 041 0# - LANGUAGE CODE | |
| Language code of text/sound track or separate title | sanhin |
| 042 ## - AUTHENTICATION CODE | |
| Authentication code | premarc |
| 050 00 - LIBRARY OF CONGRESS CALL NUMBER | |
| Classification number | PK3791.B4 |
| Item number | P3 1968 |
| 100 0# - MAIN ENTRY--PERSONAL NAME | |
| Personal name | Bhāsa. |
| 245 10 - TITLE STATEMENT | |
| Title | Pañcarātram. |
| 260 ## - PUBLICATION, DISTRIBUTION, ETC. | |
| Date of publication, distribution, etc. | [1968] |
| 300 ## - PHYSICAL DESCRIPTION | |
| Extent | 15, 141, 5 p. |
| Dimensions | 19 cm. |
| 500 ## - GENERAL NOTE | |
| General note | Hindi and Sanskrit; introductory matter in Hindi. |
| 500 ## - GENERAL NOTE | |
| General note | A play. |
| 700 0# - ADDED ENTRY--PERSONAL NAME | |
| Personal name | Nigamanand, |
| Titles and other words associated with a name | Swami, |
| Dates associated with a name | 1915- |
No items available.